ՀՀ Գիտությունների ազգային ակադեմիայի հիմնարար գիտական գրադարան  =   Fundamental Scientific Library of NAS RA

Вильям Шекспир : (Record no. 320385)

MARC details
000 -LEADER
fixed length control field 00869nam a2200217 a 4500
003 - CONTROL NUMBER IDENTIFIER
control field AM-YeHGA
040 ## - CATALOGING SOURCE
Original cataloging agency AM-YeHGA
090 ## - LOCALLY ASSIGNED LC-TYPE CALL NUMBER (OCLC); LOCAL CALL NUMBER (RLIN)
-- 322121
001 - CONTROL NUMBER
control field 000952504
005 - DATE AND TIME OF LATEST TRANSACTION
control field 20250618074154.0
008 - FIXED-LENGTH DATA ELEMENTS--GENERAL INFORMATION
fixed length control field 130318s1896 ||| r 000 0 rus d
041 1# - LANGUAGE CODE
Language code of text/sound track or separate title rus
Language code of original ger
100 1# - MAIN ENTRY--PERSONAL NAME
Personal name Брандес, Георг
Dates associated with a name 1842-1927
245 10 - TITLE STATEMENT
Title Вильям Шекспир :
Remainder of title Историко-литературная монография /
Statement of responsibility, etc. Георга Брандеса; Пер. с нем. М.А. Энгельгардта.
260 ## - PUBLICATION, DISTRIBUTION, ETC.
Place of publication, distribution, etc. Санкт-Петербург
Manufacturer Тип. бр. Пантелеевых
Date of publication, distribution, etc. 1897.
300 ## - PHYSICAL DESCRIPTION
Extent 351 с.
600 14 - SUBJECT ADDED ENTRY--PERSONAL NAME
Personal name Շեքսպիր, Ուիլյամ,
Dates associated with a name 1564-1616
9 (RLIN) 4634
653 0# - INDEX TERM--UNCONTROLLED
Uncontrolled term Английская литература - 16-нач. 17 в. - Биографии
700 1# - ADDED ENTRY--PERSONAL NAME
Personal name Энгельгардт, М.А.
Relator term пер.
Relationship trl
942 ## - ADDED ENTRY ELEMENTS (KOHA)
Source of classification or shelving scheme Universal Decimal Classification
Koha item type Գրքեր / Books
Holdings
Withdrawn status Lost status Source of classification or shelving scheme Damaged status Not for loan Collection Home library Current library Date acquired Total checkouts Full call number Barcode Date last seen Price effective from Koha item type Public note
    Universal Decimal Classification     General Fundamental Scientific Library Fundamental Scientific Library 09/01/2017   PII/489710 FL0253265 09/01/2017 09/01/2017 Գրքեր / Books 30 Days Loan
    Universal Decimal Classification     General Fundamental Scientific Library Fundamental Scientific Library 27/09/2019   РII/17474 FL0601802 27/09/2019 27/09/2019 Գրքեր / Books 30 Days Loan


ՀՀ ԳԱԱ հիմնարար գիտական գրադարան
ՀՀ,Երևան 0019
Մարշալ Բաղրամյան 24/6
հեռախոս:(374-10) 52-47-50
Հետադարձ կապ

All site content, except where otherwise noted, is licensed under a
Creative Commons License